[Event "U.S. Open"]
[Site "Alexandria, Va."]
[Date "1996.08.13"]
[Round "9"]
[White "Moody, David"]
[Black "Mayer, Steven"]
[Result "1/2-1/2"]
[WhiteElo "2055"]
[BlackElo "2313"]
[PlyCount "100"]
[EventDate "1996.08.04"]

1. e4 c5 2. Nf3 d6 3. d4 cxd4 4. Nxd4 Nf6 5. Nc3 g6 6. Be3 Bg7 7. f3 Nc6 8. Bc4
O-O 9. Qd2 Bd7 10. O-O-O Ne5 11. Bb3 Rc8 12. h4 h5 13. Bh6 Nc4 14. Bxc4 Rxc4
15. Bxg7 Kxg7 16. g4 hxg4 17. h5 Rh8 18. hxg6 fxg6 19. fxg4 Bxg4 20. Rhg1 Rxd4
21. Qxd4 Bxd1 22. Rxd1 Qb6 23. Qd3 Qf2 24. Nd5 Qg2 25. Nxe7 Rh1 26. Qxd6 Qg5+
27. Qd2 Qxd2+ 28. Kxd2 Nxe4+ 29. Ke2 Ng3+ 30. Kd2 Ne4+ 31. Ke2 Rxd1 32. Kxd1
Kf6 33. Nd5+ Ke5 34. Ne3 g5 35. Ke2 Kf4 36. Kd3 Kf3 37. Kd4 Nf2 38. c4 g4 39.
b4 g3 40. Nf5 g2 41. Nh4+ Kg3 42. Nxg2 Kxg2 43. c5 Kf3 44. b5 Ne4 45. a4 Kf4
46. Kd5 Nc3+ 47. Kd6 Nxa4 48. c6 bxc6 49. Kxc6 Nc3 50. b6 axb6 1/2-1/2

[Event "U.S. Open"]
[Site "Alexandria, Va."]
[Date "1996.08.14"]
[Round "10"]
[White "Peterson, Macauley"]
[Black "Moody, David"]
[Result "0-1"]
[WhiteElo "1795"]
[BlackElo "2055"]
[PlyCount "38"]
[EventDate "1996.08.04"]

1. e4 e5 2. f4 d5 3. exd5 e4 4. Nc3 Nf6 5. d4 Bb4 6. Bd2 O-O 7. Bc4 Bxc3 8.
bxc3 e3 9. Bc1 Ng4 10. Bd3 Nf2 11. Bxh7+ Kxh7 12. Qh5+ Kg8 13. Nf3 Bg4 14. Qh4
Qxh4 15. Nxh4 Nxh1 16. Bxe3 Re8 17. Kd2 Nf2 18. Rf1 Ne4+ 19. Kd3 Nxc3 0-1

[Event "U.S. Open"]
[Site "Alexandria, Va."]
[Date "1996.08.15"]
[Round "11"]
[White "Moody, David"]
[Black "Sergeon, Andre"]
[Result "0-1"]
[WhiteElo "2055"]
[BlackElo "2190"]
[PlyCount "54"]
[EventDate "1996.08.04"]

1. e4 c5 2. Nf3 d6 3. d4 cxd4 4. Nxd4 Nf6 5. Nc3 g6 6. Be3 Bg7 7. f3 O-O 8. Bc4
Nc6 9. Qd2 Bd7 10. O-O-O Rc8 11. Bb3 Ne5 12. h4 h5 13. Bh6 Bxh6 14. Qxh6 Rxc3
15. bxc3 Qa5 16. Rh3 Bxh3 17. gxh3 Qxc3 18. Nf5 gxf5 19. Rg1+ Neg4 20. hxg4
fxg4 21. Rd1 Qa1+ 22. Kd2 Qe5 23. Qg5+ Kh7 24. Qxe5 dxe5 25. fxg4 Rd8+ 26. Ke2
Rxd1 27. Kxd1 e6 0-1

[Event "U.S. Open"]
[Site "Alexandria, Va."]
[Date "1996.08.16"]
[Round "12"]
[White "Hartwig, Thomas"]
[Black "Moody, David"]
[Result "1-0"]
[WhiteElo "1871"]
[BlackElo "2055"]
[PlyCount "97"]
[EventDate "1996.08.04"]

1. e4 e5 2. Nf3 Nc6 3. Bb5 a6 4. Bxc6 dxc6 5. O-O Qd6 6. d4 exd4 7. Qxd4 Qxd4
8. Nxd4 Bd7 9. Nc3 O-O-O 10. Bg5 f6 11. Be3 Bd6 12. Nb3 Ne7 13. Nc5 Bxc5 14.
Bxc5 Rhe8 15. Bxe7 Rxe7 16. f3 Be6 17. Rfd1 Red7 18. a3 Rd2 19. Rac1 b5 20.
Rxd2 Rxd2 21. Nb1 Rd4 22. Kf2 Kd7 23. Ke3 c5 24. Nc3 c6 25. Ne2 Rd6 26. Nf4 Bf7
27. Nd3 c4 28. Nc5+ Kc7 29. Nxa6+ Kb6 30. Nb4 c5 31. Na2 Ka5 32. Nc3 b4 33.
axb4+ cxb4 34. Rd1 bxc3 35. Rxd6 cxb2 36. Rd8 c3 37. Kd4 Ba2 38. Kxc3 b1=Q 39.
Ra8+ Kb5 40. Rb8+ Kc5 41. Rxb1 Bxb1 42. Kb2 Bxc2 43. Kxc2 Kd4 44. Kd2 h5 45.
Ke2 g5 46. Kf2 Kd3 47. Kg3 Ke2 48. h4 Ke3 49. hxg5 1-0

[Event "Mi Open Booster"]
[Site "?"]
[Date "1996.09.01"]
[Round "3.43"]
[White "Stojanovski, Elena"]
[Black "Buckles, Mark"]
[Result "0-1"]
[WhiteElo "504"]
[BlackElo "1287"]
[PlyCount "42"]
[EventDate "1996.??.??"]

1. e4 e6 2. Nf3 d5 3. exd5 exd5 4. d4 c5 5. Nc3 Nf6 6. Bg5 Be6 7. Bxf6 Qxf6 8.
dxc5 Bxc5 9. Nxd5 Bxd5 10. Qxd5 Qxb2 11. Rb1 Qxb1+ 12. Qd1 Qxd1+ 13. Kxd1 Bxf2
14. Ke2 Bc5 15. Kd1 O-O 16. Ng5 Nc6 17. Bd3 Rad8 18. Ke2 Rfe8+ 19. Kf3 Ne5+ 20.
Kf4 Nxd3+ 21. cxd3 Be3+ 0-1

[Event "Lansing September Mini-Swiss.1"]
[Site "?"]
[Date "1996.09.15"]
[Round "2"]
[White "LaMar, Frank"]
[Black "Aldrich, Jeff"]
[Result "1-0"]
[WhiteElo "2164"]
[BlackElo "1938"]
[PlyCount "59"]
[EventDate "1996.??.??"]

1. e4 c6 2. d4 d5 3. exd5 cxd5 4. c4 Nf6 5. Nc3 e6 6. Nf3 Nc6 7. Be2 Be7 8. O-O
O-O 9. Re1 a6 10. Be3 dxc4 11. Bxc4 b5 12. Bb3 Bb7 13. Rc1 Na5 14. Ne5 Rc8 15.
Bc2 b4 16. Na4 h6 17. Ng4 Qd5 18. Nxf6+ Bxf6 19. Qg4 h5 20. Qh3 Qb5 21. Nc5 h4
22. Ba4 Qb6 23. Nd7 Qd8 24. d5 Nc4 25. dxe6 Nxe3 26. Qxe3 fxe6 27. Qxe6+ Kh8
28. Nxf8 Qxf8 29. Rxc8 Bxc8 30. Qe8 1-0

[Event "Lansing September Mini-Swiss.1"]
[Site "?"]
[Date "1996.09.15"]
[Round "3"]
[White "Aldrich, Jeff"]
[Black "Koster, Ed"]
[Result "1/2-1/2"]
[WhiteElo "1938"]
[BlackElo "2133"]
[PlyCount "67"]
[EventDate "1996.??.??"]

1. d4 Nf6 2. c4 g6 3. Nc3 d5 4. cxd5 Nxd5 5. e4 Nxc3 6. bxc3 Bg7 7. Nf3 c5 8.
Be3 Nc6 9. Rc1 Qa5 10. Qd2 cxd4 11. cxd4 Qxd2+ 12. Kxd2 O-O 13. Bc4 Rd8 14. Kc3
Na5 15. Be2 Be6 16. Kb2 Rac8 17. Rxc8 Rxc8 18. Rc1 Nc4+ 19. Bxc4 Rxc4 20. Rxc4
Bxc4 21. a4 e6 22. Nd2 Be2 23. Ka3 Bf8+ 24. Kb3 Bd1+ 25. Kc3 Bxa4 26. d5 b6 27.
Bf4 Bc5 28. f3 a5 29. Nc4 exd5 30. exd5 f6 31. Bc7 Bb4+ 32. Kd4 Bc5+ 33. Kc3
Bb4+ 34. Kd4 1/2-1/2

[Event "Lansing September Mini-Swiss.1"]
[Site "?"]
[Date "1996.09.15"]
[Round "1"]
[White "Aldrich, Jeff"]
[Black "Fuller, William"]
[Result "1-0"]
[WhiteElo "1938"]
[BlackElo "2133"]
[PlyCount "69"]
[EventDate "1996.??.??"]

1. d4 e6 2. c4 Nf6 3. Nc3 c5 4. d5 d6 5. e4 g6 6. f3 Bg7 7. Bg5 h6 8. Be3 Qe7
9. Qd2 a6 10. a4 exd5 11. cxd5 Nbd7 12. Nh3 Ne5 13. Nf2 g5 14. Be2 Bd7 15. a5
Ng6 16. g3 O-O 17. h4 gxh4 18. gxh4 Nh5 19. Bxh6 f5 20. Rg1 Ne5 21. O-O-O f4
22. Bxg7 Nxg7 23. Nd3 Nxd3+ 24. Bxd3 Qf6 25. h5 Kf7 26. Rg6 Qh4 27. Rdg1 Nxh5
28. Rxd6 Ke7 29. e5 Ng3 30. Ne4 Rac8 31. Nf6 Rxf6 32. Rxf6 c4 33. Qb4+ Kd8 34.
Rf8+ Kc7 35. Qd6# 1-0

[Event "Finney Mini-Swiss (October)"]
[Site "Detroit, Mich."]
[Date "1996.10.19"]
[Round "3"]
[White "Moody, David"]
[Black "Jointer, William"]
[Result "1-0"]
[WhiteElo "2012"]
[BlackElo "1700"]
[PlyCount "51"]
[EventDate "1996.10.19"]

1. e4 g6 2. d4 Bg7 3. f4 d6 4. Nf3 Nf6 5. Nc3 O-O 6. Be2 c6 7. O-O b5 8. e5 Nd5
9. Nxd5 cxd5 10. Bxb5 dxe5 11. fxe5 f6 12. Qe2 a6 13. Bd3 Nc6 14. c3 fxe5 15.
Nxe5 Nxe5 16. Rxf8+ Qxf8 17. dxe5 e6 18. Bg5 a5 19. Rf1 Qc5+ 20. Kh1 Bd7 21.
Bf6 Bh6 22. Qg4 Rb8 23. Bxg6 Qc4 24. Be4+ Kf8 25. Bg7+ Ke7 26. Qh4+ 1-0

[Event "Finney Mini-Swiss (October)"]
[Site "Detroit, Mich."]
[Date "1996.10.19"]
[Round "1"]
[White "Moody, David"]
[Black "Gentry, Bronson"]
[Result "0-1"]
[WhiteElo "2012"]
[BlackElo "1608"]
[PlyCount "76"]
[EventDate "1996.10.19"]

1. e4 c5 2. Nf3 Nc6 3. d4 cxd4 4. Nxd4 g6 5. Nc3 Bg7 6. Be3 Nf6 7. Bc4 Qc7 8.
Bb3 d6 9. f3 Bd7 10. Qd2 h5 11. O-O-O Na5 12. Kb1 Nxb3 13. axb3 a5 14. Ndb5 Qd8
15. Qf2 Ra6 16. Rhe1 a4 17. e5 dxe5 18. Nxa4 O-O 19. Bb6 Qc8 20. Nc7 Rxa4 21.
bxa4 Bxa4 22. Rd3 Qf5 23. Red1 e4 24. fxe4 Qxe4 25. Re1 Qb4 26. Bc5 Qc4 27. Rc3
Qg4 28. Bxe7 Ne4 29. Rxe4 Qxe4 30. Re3 Bxc2+ 31. Qxc2 Qxe3 32. Bxf8 Bxf8 33. h3
Qe5 34. Qc3 Qe4+ 35. Ka2 Qxg2 36. Ne8 Qd5+ 37. Kb1 Qe4+ 38. Ka2 Qxe8 0-1

[Event "Finney Mini-Swiss (October)"]
[Site "Detroit, Mich."]
[Date "1996.10.19"]
[Round "2"]
[White "Brown, Welch"]
[Black "Moody, David"]
[Result "0-1"]
[WhiteElo "1472"]
[BlackElo "2012"]
[PlyCount "52"]
[EventDate "1996.10.19"]

1. e4 e5 2. Bc4 Nf6 3. Nc3 Nxe4 4. Bxf7+ Kxf7 5. Nxe4 d5 6. Qf3+ Kg8 7. Nc3 Be6
8. Nge2 Nc6 9. O-O Bc5 10. a3 Qd7 11. h3 Rf8 12. Qg3 Rf6 13. Na4 Be7 14. Kh1
Rg6 15. Qh2 Bd6 16. b4 e4 17. Ng3 b6 18. c3 h5 19. h4 Ne7 20. Nb2 Nf5 21. Qg1
Rxg3 22. d3 Rg4 23. g3 Nxh4 24. dxe4 Nf3 25. Qg2 dxe4 26. c4 h4 0-1

[Event "Lansing (MI Op/2/25)"]
[Site "?"]
[Date "1997.??.??"]
[Round "?"]
[White "Zubatch, Steve"]
[Black "Vandivier, Don"]
[Result "0-1"]
[WhiteElo "1865"]
[BlackElo "1950"]
[PlyCount "124"]
[EventDate "1997.??.??"]

{2/(25)} 1. e4 c5 2. Nf3 d6 3. d4 cxd4 4. Nxd4 Nf6 5. Nc3 a6 6. Bg5 e6 7. Qd2
Be7 8. O-O-O Qc7 9. Be2 Nc6 10. h4 b5 11. Bxb5 axb5 12. Ndxb5 Qb8 13. Nxd6+
Bxd6 14. Qxd6 Qxd6 15. Rxd6 Bb7 16. Rhd1 Rd8 17. Rxd8+ Nxd8 18. f3 h6 19. Be3
Nd7 20. a4 Ke7 21. b4 Nc6 22. Na2 Ra8 23. a5 Ba6 24. c3 Nce5 25. Bd4 Rc8 26.
Kc2 Bb5 27. Nc1 Ba4+ 28. Nb3 Nc6 29. Kb2 Nxa5 30. bxa5 Rb8 31. Ka3 Bxb3 32. Rb1
Bc4 33. Rxb8 Nxb8 34. Bxg7 h5 35. g3 Be2 36. f4 Bd3 37. e5 Na6 38. Kb3 Nc5+ 39.
Kb4 Ne4 40. c4 Kd7 41. Bf8 Kc6 42. Be7 Nxg3 43. Bd8 Nf5 44. a6 Ne3 45. Kc3 Bf1
46. a7 Kb7 47. Bb6 Nxc4 48. Bf2 Na5 49. Kb4 Nc6+ 50. Kc5 Nxa7 51. Kd6 Nc8+ 52.
Kd7 Bb5+ 53. Kd8 Bd3 54. Ke8 Bg6 55. Bc5 Kc6 56. Bb4 Nb6 57. Bd2 Kd5 58. Ke7
Ke4 59. Kf6 Nc4 60. Bc1 Kd3 61. f5 Bxf5 62. Kxf7 Nxe5+ 0-1

[Event "Lansing (MI Op/7/20)"]
[Site "?"]
[Date "1997.??.??"]
[Round "?"]
[White "Zubatch, Steve"]
[Black "Thomas, Henry"]
[Result "1-0"]
[WhiteElo "1860"]
[BlackElo "1800"]
[PlyCount "55"]
[EventDate "1997.??.??"]

{7/(20)} 1. e4 e5 2. Nf3 Nf6 3. Bc4 Nxe4 4. Nxe5 d5 5. Nxf7 Kxf7 6. Qh5+ g6 7.
Qxd5+ Qxd5 8. Bxd5+ Be6 9. Bxe4 Nc6 10. Bxc6 bxc6 11. d3 Bc5 12. O-O Rhf8 13.
Be3 Bd6 14. Nd2 Kg7 15. Nc4 Bxc4 16. dxc4 Be5 17. c3 Rab8 18. Rab1 Rb7 19. Bd4
Bf6 20. Rfe1 Bxd4 21. cxd4 Rfb8 22. b3 a5 23. Re6 a4 24. Rxc6 axb3 25. axb3
Rxb3 26. Rxb3 Rxb3 27. Rxc7+ Kf6 28. g3 1-0

[Event "Lansing (MI Op/5/24)"]
[Site "?"]
[Date "1997.??.??"]
[Round "?"]
[White "Zubatch, Steve"]
[Black "Laumer, H."]
[Result "1/2-1/2"]
[WhiteElo "1865"]
[BlackElo "1785"]
[PlyCount "49"]
[EventDate "1997.??.??"]

{5/(24)} 1. e4 Nf6 2. Nc3 d5 3. exd5 Nxd5 4. Nxd5 Qxd5 5. Nf3 Bg4 6. Be2 Nc6 7.
O-O e5 8. d3 O-O-O 9. Be3 f5 10. Ng5 Bxe2 11. Qxe2 f4 12. Bd2 Be7 13. Ne4 h5
14. a3 Nd4 15. Qd1 g5 16. Bc3 g4 17. Bxd4 exd4 18. f3 Rhg8 19. Kh1 g3 20. h3
Rg6 21. Qd2 Rf8 22. Rfe1 Kd7 23. Qe2 Re6 24. Rab1 a5 25. Ra1 1/2-1/2

[Event "Lansing (MI Op/7/3)"]
[Site "?"]
[Date "1997.??.??"]
[Round "?"]
[White "Zaremba, Andrei"]
[Black "Ward, Tom"]
[Result "1-0"]
[WhiteElo "2255"]
[BlackElo "2235"]
[PlyCount "53"]
[EventDate "1997.??.??"]

{7/(3)} 1. e4 c5 2. Nf3 d6 3. d4 cxd4 4. Nxd4 Nf6 5. Nc3 a6 6. Bg5 e6 7. f4 Be7
8. Qf3 Qc7 9. O-O-O Nbd7 10. g4 b5 11. Bxf6 Nxf6 12. g5 Nd7 13. f5 Ne5 14. Qg3
Bd7 15. Bh3 Qc8 16. Nce2 Nc6 17. g6 e5 18. gxf7+ Kxf7 19. Ne6 Bxe6 20. fxe6+
Kg8 21. Rdf1 g5 22. Rf7 Qc7 23. Rg1 h6 24. Qf3 Rh7 25. Rxh7 Kxh7 26. Qf7+ Kh8
27. Bf5 1-0

[Event "Michigan Invitational"]
[Site "Ann Arbor, MI"]
[Date "1997.??.??"]
[Round "3"]
[White "Zaremba, Andrei"]
[Black "Noren, Kevin"]
[Result "1/2-1/2"]
[WhiteElo "2295"]
[BlackElo "2290"]
[PlyCount "41"]
[EventDate "1997.??.??"]

1. e4 c5 2. Nf3 Nc6 3. d4 cxd4 4. Nxd4 g6 5. Nc3 Bg7 6. Be3 Nf6 7. Nxc6 bxc6 8.
e5 Ng8 9. Bd4 Nh6 10. Be2 Nf5 11. f4 Nxd4 12. Qxd4 O-O 13. O-O-O d5 14. Bf3 Qb6
15. Rhe1 e6 16. Na4 Qxd4 17. Rxd4 f6 18. Bg4 f5 19. Bf3 Rf7 20. Re3 Rc7 21. Nc5
1/2-1/2

[Event "Lansing (MI Op/2/4)"]
[Site "?"]
[Date "1997.??.??"]
[Round "?"]
[White "Zaremba, Andrei"]
[Black "Moody, David"]
[Result "0-1"]
[WhiteElo "2255"]
[BlackElo "1990"]
[PlyCount "70"]
[EventDate "1997.??.??"]

{2/(4)} 1. e4 e5 2. Bc4 Nf6 3. d3 Bc5 4. Nc3 d6 5. f4 Nc6 6. Nf3 Bg4 7. f5 Nd4
8. Bg5 c6 9. h3 Bxf3 10. gxf3 h6 11. Bh4 g5 12. fxg6 fxg6 13. f4 Qe7 14. fxe5
Qxe5 15. Bxf6 Qg3+ 16. Kf1 Rf8 17. e5 Nf5 18. d4 Bxd4 19. Qd2 dxe5 20. Ne4 Qf3+
21. Nf2 Rxf6 22. Rh2 Ne3+ 23. Kg1 Nxc4 24. Qxh6 Bxf2+ 25. Rxf2 Qxf2+ 26. Kh1
Qf3+ 27. Kg1 Qe3+ 28. Qxe3 Nxe3 29. Re1 Rf1+ 30. Kh2 Rxe1 31. c3 O-O-O 32. a4
Rd2+ 33. Kg3 Rf1 34. Kh4 Rg2 35. a5 Nf5# 0-1

[Event "Lansing (MI Op/5/3)"]
[Site "?"]
[Date "1997.??.??"]
[Round "?"]
[White "Zaremba, Andrei"]
[Black "Mazuchowski, Tom"]
[Result "1-0"]
[WhiteElo "2255"]
[BlackElo "2095"]
[PlyCount "55"]
[EventDate "1997.??.??"]

{5/(3)} 1. e4 c5 2. Nf3 d6 3. d4 cxd4 4. Nxd4 Nf6 5. Nc3 Nc6 6. Bg5 Bd7 7. Qd2
a6 8. O-O-O e6 9. f4 Qc7 10. Nf3 Be7 11. e5 dxe5 12. fxe5 Ng4 13. Bxe7 Nxe7 14.
Ne4 Ng6 15. Qg5 f5 16. exf6 Nxf6 17. Nxf6+ gxf6 18. Qxf6 Rf8 19. Qg5 Rf5 20.
Qe3 O-O-O 21. Bd3 Rc5 22. Bxg6 hxg6 23. Rd2 Kb8 24. Rhd1 Rc8 25. Rxd7 Rxc2+ 26.
Kb1 Rxb2+ 27. Kxb2 Qc2+ 28. Ka1 1-0

[Event "Michigan Invitational"]
[Site "Ann Arbor, MI"]
[Date "1997.??.??"]
[Round "4"]
[White "Zaremba, Andrei"]
[Black "Kamberi, Sonny"]
[Result "1/2-1/2"]
[WhiteElo "2295"]
[BlackElo "2305"]
[PlyCount "50"]
[EventDate "1997.??.??"]

1. c4 Nf6 2. Nf3 g6 3. Nc3 Bg7 4. g3 O-O 5. Bg2 d6 6. O-O e5 7. d3 Nc6 8. Rb1
Nd4 9. Nxd4 exd4 10. Nd5 c6 11. Nxf6+ Bxf6 12. e4 dxe3 13. Bxe3 Be6 14. Qb3 Qd7
15. Qb4 Rfe8 16. Rbc1 c5 17. Qd2 Rad8 18. d4 b6 19. b3 Bh3 20. dxc5 Bxg2 21.
Kxg2 dxc5 22. Qxd7 Rxd7 23. Rcd1 Red8 24. Rxd7 Rxd7 25. Kf3 Be5 1/2-1/2

[Event "Lansing (MI Op/4/7)"]
[Site "?"]
[Date "1997.??.??"]
[Round "?"]
[White "Zaremba, Andrei"]
[Black "Aldrich, Jeff"]
[Result "1-0"]
[WhiteElo "2255"]
[BlackElo "2005"]
[PlyCount "71"]
[EventDate "1997.??.??"]

{4/(7)} 1. e4 c6 2. d4 d5 3. exd5 cxd5 4. c4 Nf6 5. Nf3 e6 6. Nc3 Nc6 7. c5 Be7
8. Bb5 O-O 9. Bxc6 bxc6 10. Qa4 Qc7 11. O-O a5 12. Ne5 Bb7 13. Re1 Nd7 14. Bf4
Nxe5 15. Bxe5 Qd7 16. b4 axb4 17. Qxb4 Ba6 18. Na4 Bd8 19. Nb6 Qb7 20. Reb1 Ra7
21. Qc3 Bxb6 22. cxb6 Raa8 23. a4 f6 24. Bc7 Rae8 25. a5 Rf7 26. Rc1 Bc4 27.
Qa3 Qa6 28. Qd6 Bb5 29. Rxc6 Bxc6 30. Qxc6 Rc8 31. Qc5 h5 32. Rc1 g5 33. h3 g4
34. hxg4 hxg4 35. Qc6 Rff8 36. b7 1-0

[Event "Michigan Senior"]
[Site "Ann Arbor, MI"]
[Date "1997.??.??"]
[Round "2.6"]
[White "Yufa, Leonid"]
[Black "Sheridan, Gregory"]
[Result "0-1"]
[WhiteElo "1605"]
[BlackElo "1925"]
[PlyCount "58"]
[EventDate "1997.??.??"]

{2/(6)} 1. e4 d6 2. f4 g6 3. Nf3 Bg7 4. d4 Nf6 5. Nc3 O-O 6. h3 c5 7. dxc5 Qa5
8. Qd2 Qxc5 9. Qe3 Qxe3+ 10. Bxe3 Nc6 11. O-O-O Nh5 12. g4 Ng3 13. Rg1 Nxf1 14.
Rdxf1 Bxc3 15. bxc3 Be6 16. Kb1 b5 17. Nd4 Nxd4 18. cxd4 Bc4 19. Rf2 a5 20. c3
b4 21. cxb4 Bd3+ 22. Ka1 axb4 23. Re1 b3 24. Rb2 Bc2 25. d5 Ra4 26. e5 Rfa8 27.
Rxc2 bxc2 28. Kb2 Rxa2+ 29. Kb3 R8a3+ 0-1

[Event "Michigan Senior"]
[Site "Ann Arbor, MI"]
[Date "1997.??.??"]
[Round "4.8"]
[White "Yufa, Leonid"]
[Black "Poniatowski, Don"]
[Result "0-1"]
[WhiteElo "1605"]
[BlackElo "1605"]
[PlyCount "108"]
[EventDate "1997.??.??"]

{4/(8)} 1. e4 Nf6 2. e5 Nd5 3. Bc4 Nb6 4. Bb3 c5 5. c3 c4 6. Bc2 e6 7. Nf3 d5
8. O-O g6 9. d4 cxd3 10. Bxd3 Bg7 11. Be3 Nc6 12. Bb5 O-O 13. Bxc6 bxc6 14.
Nbd2 Nd7 15. Bf4 Rb8 16. Qc2 c5 17. Nb3 Bb7 18. Rfe1 Qc7 19. Rad1 Rfd8 20. h4
c4 21. Nbd4 a6 22. h5 Nc5 23. hxg6 fxg6 24. Bg3 Bc8 25. Ng5 Re8 26. Ngf3 Nd3
27. Rxd3 cxd3 28. Qxd3 Rxb2 29. Re2 Rxe2 30. Qxe2 Qxc3 31. Qd1 Bd7 32. Qb1 Qc8
33. Ng5 Bh6 34. Ngf3 Rf8 35. Qb6 Bf4 36. Bxf4 Rxf4 37. g3 Rf8 38. Kg2 h6 39.
Nh4 Kh7 40. Qb1 Qe8 41. Qb6 Qf7 42. f3 Bc8 43. f4 Qe8 44. Qd6 Rf7 45. Qb6 Rb7
46. Qc5 Rb2+ 47. Kg1 Rxa2 48. f5 gxf5 49. Qb6 Qg8 50. Qc7+ Qg7 51. Qc3 Qxe5 52.
Qd3 Qe1+ 53. Qf1 Qxf1+ 54. Kxf1 a5 0-1

[Event "Michigan Team"]
[Site "Ann Arbor, MI"]
[Date "1997.??.??"]
[Round "3.12"]
[White "Wysocki, Jason"]
[Black "Radovanovic, C."]
[Result "1-0"]
[WhiteElo "2175"]
[BlackElo "1605"]
[PlyCount "57"]
[EventDate "1997.??.??"]

{3/1} 1. Nf3 Nf6 2. g3 g6 3. b3 Bg7 4. Bb2 d6 5. d4 O-O 6. Nbd2 c5 7. dxc5 dxc5
8. Bg2 Nc6 9. O-O Qc7 10. e3 Bf5 11. Qe2 Bxc2 12. Rfc1 Nb4 13. Qc4 Bf5 14. Qxb4
Qd6 15. Qxc5 Qd3 16. Qc3 Qd7 17. Ne5 Qe6 18. Qc4 Qd6 19. Bd4 Rac8 20. Qe2 Rcd8
21. Ndc4 Qa6 22. Qb2 h5 23. h4 b5 24. Na3 b4 25. Nac4 Ne4 26. a3 f6 27. axb4
Qb5 28. Ra5 Qd5 29. Rxd5 1-0

[Event "Lansing (MI Op/1a/15)"]
[Site "?"]
[Date "1997.??.??"]
[Round "?"]
[White "Wydryck, Robert"]
[Black "Thurman, John"]
[Result "1/2-1/2"]
[WhiteElo "1980"]
[BlackElo "1680"]
[PlyCount "82"]
[EventDate "1997.??.??"]

1. e4 c6 2. d4 d5 3. Nc3 dxe4 4. Nxe4 Bf5 5. Ng3 Bg6 6. h4 h6 7. Bd3 Bxd3 8.
Qxd3 Nf6 9. N1e2 e6 10. Bf4 Bb4+ 11. c3 Bd6 12. Bxd6 Qxd6 13. Ne4 Nxe4 14. Qxe4
Nd7 15. Qg4 Rg8 16. O-O-O O-O-O 17. Kb1 Nf6 18. Qf3 Qd5 19. Qxd5 cxd5 20. f3 g5
21. hxg5 hxg5 22. Rh6 Nd7 23. Rdh1 Rg7 24. Kc2 Rdg8 25. b3 b5 26. a4 bxa4 27.
bxa4 Nb6 28. Kb3 Nc4 29. Rh8 Kc7 30. R1h7 Kd6 31. Rxg8 Rxh7 32. Rxg5 Ne3 33.
Nf4 f6 34. Rg6 Rb7+ 35. Ka2 Nd1 36. Rxf6 Nxc3+ 37. Ka3 Nb1+ 38. Ka2 Nc3+ 39.
Ka3 Nb1+ 40. Ka2 Nc3+ 41. Ka3 Nb1+ 1/2-1/2

[Event "Lansing (MI Op/5/26)"]
[Site "?"]
[Date "1997.??.??"]
[Round "?"]
[White "Wydryck, Robert"]
[Black "Brumley, Ron"]
[Result "1-0"]
[WhiteElo "1980"]
[BlackElo "1605"]
[PlyCount "43"]
[EventDate "1997.??.??"]

{5/(26)} 1. e4 c5 2. Nf3 d6 3. d4 cxd4 4. Nxd4 Nf6 5. Nc3 g6 6. Be3 Bg7 7. f3
Nc6 8. Bc4 Bd7 9. Qd2 O-O 10. h4 h5 11. O-O-O Rc8 12. Bb3 Ne5 13. g4 hxg4 14.
Bh6 Bxh6 15. Qxh6 Rxc3 16. bxc3 Qc7 17. h5 Nxh5 18. Rxh5 gxh5 19. Qg5+ Ng6 20.
Qxg6+ Kh8 21. Qxh5+ Kg7 22. Qg5+ 1-0

[Event "Lansing (MOR/4/16)"]
[Site "?"]
[Date "1997.??.??"]
[Round "?"]
[White "Wyatt, David"]
[Black "McCarter, Robert"]
[Result "1-0"]
[WhiteElo "1605"]
[BlackElo "1615"]
[PlyCount "151"]
[EventDate "1997.??.??"]

{4/(16)} 1. e4 c5 2. Nc3 Nc6 3. f4 g6 4. Nf3 Bg7 5. Bb5 Nd4 6. Bd3 d6 7. Nxd4
cxd4 8. Ne2 e5 9. c3 Qh4+ 10. g3 Qh3 11. Kf2 Nf6 12. Qf1 Ng4+ 13. Kg1 Qxf1+ 14.
Kxf1 Bd7 15. h3 Nh6 16. Bc4 Bc6 17. d3 f5 18. Bd5 fxe4 19. Bxc6+ bxc6 20. dxe4
dxc3 21. Nxc3 Rf8 22. Ke2 exf4 23. Bxf4 Nf7 24. Rhd1 Ke7 25. Rac1 g5 26. Be3
Ne5 27. Bxg5+ Ke6 28. Bf4 Rab8 29. b3 Rb4 30. Ke3 h5 31. Ne2 c5 32. Nc3 a5 33.
Nd5 Rb7 34. Nc3 Rbf7 35. Nb5 Rd7 36. Rd5 Rb8 37. a4 Rb6 38. Rcd1 Nf7 39. Bxd6
Bd4+ 40. Nxd4+ cxd4+ 41. R1xd4 Nxd6 42. Rd3 Rb4 43. Rxh5 Rxe4+ 44. Kd2 Re5 45.
Rh6+ Ke7 46. Rh7+ Ke6 47. Rxd7 Kxd7 48. Kc3 Ke6 49. g4 Ne4+ 50. Kd4 Nf6 51. Re3
Rxe3 52. Kxe3 Ke5 53. g5 Nh5 54. h4 Kf5 55. Kd4 Nf4 56. Kc5 Nd3+ 57. Kb5 Nc1
58. Kxa5 Nxb3+ 59. Kb4 Nd4 60. a5 Nf3 61. a6 Nxh4 62. a7 Kxg5 63. a8=Q Nf5 64.
Kc5 Kf4 65. Qd5 Kg5 66. Qe5 Kg4 67. Kd5 Ng3 68. Qf6 Ne2 69. Ke5 Kg3 70. Ke4 Ng1
71. Ke3 Kg2 72. Qf2+ Kh1 73. Kd2 Nh3 74. Qg3 Nf2 75. Ke1 Nd1 76. Qf3+ 1-0

[Event "Lansing (MOR/6/16)"]
[Site "?"]
[Date "1997.??.??"]
[Round "?"]
[White "Wyatt, David"]
[Black "Hayes, P."]
[Result "1-0"]
[WhiteElo "1605"]
[BlackElo "1610"]
[PlyCount "33"]
[EventDate "1997.??.??"]

{6/(16)} 1. e4 e5 2. Nf3 d6 3. d4 Nd7 4. Bc4 c6 5. Nc3 Ngf6 6. O-O Be7 7. Re1
O-O 8. Bb3 Qc7 9. Be3 Re8 10. Ng5 d5 11. exd5 cxd5 12. Nxd5 Nxd5 13. Bxd5 Bxg5
14. Bxg5 h6 15. Bh4 Nb6 16. Bb3 Bd7 17. Bg3 1-0

[Event "Lansing (MOR/2/35)"]
[Site "?"]
[Date "1997.??.??"]
[Round "?"]
[White "Wyatt, David"]
[Black "Crist, Kevin"]
[Result "1-0"]
[WhiteElo "1605"]
[BlackElo "1605"]
[PlyCount "89"]
[EventDate "1997.??.??"]

{2/(35)} 1. e4 e5 2. Nf3 d6 3. d4 exd4 4. Nxd4 Nf6 5. Nc3 Bd7 6. Bc4 Nc6 7. Be3
Nxd4 8. Bxd4 c5 9. Be3 Ng4 10. Bf4 Qb6 11. Rb1 Be7 12. O-O O-O 13. Nd5 Qd8 14.
f3 Ne5 15. Nxe7+ Qxe7 16. Bd5 Rab8 17. Qe1 Ng6 18. Bg3 Be6 19. Rd1 c4 20. Bxe6
Qxe6 21. Bxd6 Rbd8 22. Bxf8 Rxd1 23. Qxd1 Nxf8 24. Qd5 Qc8 25. Rd1 Ne6 26. f4
g6 27. f5 Qc5+ 28. Qxc5 Nxc5 29. f6 h5 30. Rd8+ Kh7 31. e5 Ne6 32. Rd7 Kg8 33.
Rxb7 a6 34. Ra7 Nc5 35. Ra8+ Kh7 36. Rf8 g5 37. Rxf7+ Kg6 38. Rg7+ Kh6 39. Rc7
Ne6 40. Re7 Nd8 41. f7 Kg7 42. e6 Nc6 43. Re8 Kf6 44. f8=Q+ Ke5 45. Qc5+ 1-0

[Event "Tecumseh (RVO/2/20)"]
[Site "?"]
[Date "1997.??.??"]
[Round "?"]
[White "Wood, C."]
[Black "Funderburg, James"]
[Result "1-0"]
[WhiteElo "1605"]
[BlackElo "1605"]
[PlyCount "68"]
[EventDate "1997.??.??"]

{2/(20)} 1. c4 e5 2. g3 f5 3. Bg2 Nf6 4. Nc3 Bc5 5. d3 O-O 6. Nf3 c6 7. Nxe5 d5
8. cxd5 cxd5 9. d4 Bb6 10. O-O Bc7 11. Bg5 Be6 12. Rc1 Qe8 13. Nxd5 Nxd5 14.
Bxd5 Bxe5 15. dxe5 Nc6 16. Qb3 Nd4 17. Bxe6+ Qxe6 18. Qxe6+ Nxe6 19. Be7 Rfe8
20. Bd6 Nd4 21. Rfe1 Nb5 22. Red1 Nxd6 23. exd6 Red8 24. d7 Kf7 25. Rc7 b6 26.
Rdc1 Ke6 27. R1c6+ Ke7 28. Rc8 Raxc8 29. dxc8=Q Rxc8 30. Rxc8 Kd7 31. Rg8 g6
32. Rg7+ Ke6 33. Rxa7 h5 34. Ra6 g5 1-0

[Event "Lansing (MI Op/3/23)"]
[Site "?"]
[Date "1997.??.??"]
[Round "?"]
[White "Williams, Ron"]
[Black "Wydryck, Robert"]
[Result "1-0"]
[WhiteElo "1920"]
[BlackElo "1980"]
[PlyCount "59"]
[EventDate "1997.??.??"]

{3/(23)} 1. e4 c5 2. Nf3 d6 3. d3 Nf6 4. g3 e6 5. Bg2 Qc7 6. O-O Be7 7. Qe2 Nc6
8. c3 O-O 9. Re1 Nd7 10. h3 b5 11. Nbd2 Rb8 12. Nh2 b4 13. f4 bxc3 14. bxc3 Bf6
15. e5 dxe5 16. Ne4 exf4 17. Nxf6+ Nxf6 18. Bxf4 e5 19. Bxe5 Nxe5 20. Qxe5 Qxe5
21. Rxe5 Rd8 22. Re3 Be6 23. c4 Bf5 24. Bf1 Rb2 25. g4 Bd7 26. Bg2 Ba4 27. Nf3
Bc6 28. Nh4 Bxg2 29. Nxg2 Nd7 30. a4 {[Remainder illegible]} 1-0

[Event "Kalamazoo (MI Am/1/34)"]
[Site "?"]
[Date "1997.??.??"]
[Round "?"]
[White "Williams, Ron"]
[Black "Mahabir, Jagdesh"]
[Result "1-0"]
[WhiteElo "1915"]
[BlackElo "1605"]
[PlyCount "40"]
[EventDate "1997.??.??"]

{1/(34)} 1. Nf3 d6 2. d3 Nf6 3. e4 g6 4. g3 c5 5. Nbd2 Bg7 6. c3 e5 7. Bg2 Nc6
8. O-O Be6 9. Qe2 Qd7 10. Ng5 h6 11. Nxe6 Qxe6 12. a4 a5 13. Nc4 Nd7 14. Ne3
Rb8 15. Nd5 Ne7 16. Nc7+ Kf8 17. Nxe6+ fxe6 18. Bh3 Nf6 19. Bxe6 h5 20. Bg5 Nh7
1-0